000 00698cam a2200229 a 4500
001 2999175
005 20180308071427.0
008 931220s1994 caua b 001 0 eng
010 _a 93050577
020 _a0898155983 :
_c$14.00
040 _aDLC
_cDLC
_dDLC
041 _aeng
080 _a658.041 WHI
082 0 0 _a658.041 WHI
_220
100 1 _a58
101 _aBIZ
245 1 0 _aRunning a one-person business /
_cClaude Whitmyer and Salli Rasberry.
504 _aIncludes bibliographical references and index.
906 _a7
_bcbc
_corignew
_d1
_eocip
_f19
_gy-gencatlg
942 _2ddc
_cBK
999 _c44466
_d44466